| 000 | 00446nam a2200133Ia 4500 | ||
|---|---|---|---|
| 008 | 250506s9999 xx 000 0 und d | ||
| 024 | _a98A-04-EE, 98A-06-EE & 98A-34-EE | ||
| 082 | _a629.895072 JUN | ||
| 100 | _aJunaid Ahmed Baig, Dur-e-Zahra & Shiraz Mahmud | ||
| 245 | 0 | _aComputerized Remote Controlled Reconnaissance Vehicle | |
| 260 |
_aKarachi: _bUIT, _c1998 |
||
| 600 | _aElectronic Engineering | ||
| 650 | _aBachelor of Engineering (BE) | ||
| 999 |
_c27889 _d27889 |
||